<?xml version="1.0" encoding="UTF-8"?>
<record
    xmlns:xsi="http://www.w3.org/2001/XMLSchema-instance"
    xsi:schemaLocation="http://www.loc.gov/MARC21/slim http://www.loc.gov/standards/marcxml/schema/MARC21slim.xsd"
    xmlns="http://www.loc.gov/MARC21/slim">

  <leader>02953cam a2200385 a 4500</leader>
  <controlfield tag="001">16522183</controlfield>
  <controlfield tag="005">20160518135833.0</controlfield>
  <controlfield tag="008">101028s2011    enk      b    001 0 eng  </controlfield>
  <datafield tag="010" ind1=" " ind2=" ">
    <subfield code="a">  2010045109</subfield>
  </datafield>
  <datafield tag="020" ind1=" " ind2=" ">
    <subfield code="a">9780415594103</subfield>
  </datafield>
  <datafield tag="020" ind1=" " ind2=" ">
    <subfield code="a">0415594103</subfield>
  </datafield>
  <datafield tag="020" ind1=" " ind2=" ">
    <subfield code="a">9780415594110 (pbk.)</subfield>
  </datafield>
  <datafield tag="020" ind1=" " ind2=" ">
    <subfield code="a">0415594111 (pbk.)</subfield>
  </datafield>
  <datafield tag="020" ind1=" " ind2=" ">
    <subfield code="a">9780203830727 (ebook)</subfield>
  </datafield>
  <datafield tag="020" ind1=" " ind2=" ">
    <subfield code="a">0203830725 (ebook)</subfield>
  </datafield>
  <datafield tag="082" ind1="0" ind2="0">
    <subfield code="a">362.83</subfield>
    <subfield code="2">22</subfield>
    <subfield code="b">GER</subfield>
  </datafield>
  <datafield tag="245" ind1="0" ind2="0">
    <subfield code="a">Gender and Violence in the Middle East /</subfield>
    <subfield code="c">edited by Moha Ennaji and Fatima Sadiqi.</subfield>
  </datafield>
  <datafield tag="260" ind1=" " ind2=" ">
    <subfield code="a">Abingdon, Oxon ;</subfield>
    <subfield code="a">New York :</subfield>
    <subfield code="b">Routledge,</subfield>
    <subfield code="c">2011.</subfield>
  </datafield>
  <datafield tag="300" ind1=" " ind2=" ">
    <subfield code="a">xvii, 279 p. ;</subfield>
    <subfield code="c">25 cm.</subfield>
  </datafield>
  <datafield tag="490" ind1="1" ind2=" ">
    <subfield code="a">UCLA center for Middle East development (CMED) ;</subfield>
    <subfield code="v">4</subfield>
  </datafield>
  <datafield tag="504" ind1=" " ind2=" ">
    <subfield code="a">Includes bibliographical references (p. [247]-267) and index.</subfield>
  </datafield>
  <datafield tag="505" ind1="0" ind2=" ">
    <subfield code="a">Introduction: contextualizing gender and violence in the Middle East / Moha Ennaji and Fatima Sadiqi -- Conceptualization and theoretical background. Feminist anthropological perspectives on violence / Patricia Zuckerhut -- Armed conflict and gender-based violence. Counter-narratives of Palestinian women : the construction of her-story and the politics of fear / Nadera Shalhoub-Kevorkian ; Gender, youth and institutional support in the occupied Palestinian territories / Islah Jad ; Impact of armed conflict on gender roles in Lebanon / Lamia Rustum Shehadeh -- Politics, war, and violence against women in Iraq and Afghanistan. War and gender in Bathist Iraq / Achim Rohde ; Violence against Afghan women : tradition, religion, conflict, and war / Anne E. Brodsky -- Religious and social violence against women. Religious-based violence against women, and feminist responses : Iran, Afghanistan, and Algeria / Valentine M. Moghadam ; Strategy in the battles over her : Islamism and secularism / Sherifa Zuhur ; Reproductive health correlates of intimate partner violence in Jordan / Cari Jo Clark -- Gender-based discrimination and legal reform.  Legal reforms on violence against women in Turkey : best practices / Pinar Ilkkaracan and Liz Ercevik Amado ; Violence against women in Morocco : advances, contentions, and strategies to combat it / Moha Ennaji -- Language, sexual harassment and media.  Women and the violence of stereotypes in Morocco / Fatima Sadiqi ; Dismantling the discourses of war : Palestinian women filmmakers address violence / Nadia Yaqub.</subfield>
  </datafield>
  <datafield tag="650" ind1=" " ind2="0">
    <subfield code="a">Sex discrimination against men</subfield>
    <subfield code="z">Middle East.</subfield>
    <subfield code="9">32267</subfield>
  </datafield>
  <datafield tag="650" ind1=" " ind2="0">
    <subfield code="a">Sex discrimination against men</subfield>
    <subfield code="z">Africa, North.</subfield>
    <subfield code="9">32268</subfield>
  </datafield>
  <datafield tag="650" ind1=" " ind2="0">
    <subfield code="a">Patriarchy</subfield>
    <subfield code="z">Middle East.</subfield>
    <subfield code="9">32269</subfield>
  </datafield>
  <datafield tag="650" ind1=" " ind2="0">
    <subfield code="a">Patriarchy</subfield>
    <subfield code="z">Africa, North.</subfield>
    <subfield code="9">32270</subfield>
  </datafield>
  <datafield tag="650" ind1=" " ind2="0">
    <subfield code="a">Sex role</subfield>
    <subfield code="z">Middle East.</subfield>
    <subfield code="9">32271</subfield>
  </datafield>
  <datafield tag="650" ind1=" " ind2="0">
    <subfield code="a">Sex role</subfield>
    <subfield code="z">Africa, North.</subfield>
    <subfield code="9">32272</subfield>
  </datafield>
  <datafield tag="653" ind1=" " ind2=" ">
    <subfield code="b">Pol</subfield>
    <subfield code="c">January2013</subfield>
    <subfield code="c">February2013</subfield>
  </datafield>
  <datafield tag="650" ind1=" " ind2="0">
    <subfield code="9">15714</subfield>
    <subfield code="a">Women</subfield>
    <subfield code="x">Violence against</subfield>
    <subfield code="z">Middle East</subfield>
  </datafield>
  <datafield tag="650" ind1=" " ind2="0">
    <subfield code="9">32266</subfield>
    <subfield code="a">Women</subfield>
    <subfield code="x">Violence against</subfield>
    <subfield code="z">Africa, North</subfield>
  </datafield>
  <datafield tag="700" ind1="1" ind2=" ">
    <subfield code="a">Ennaji, Moha.</subfield>
    <subfield code="9">32273</subfield>
  </datafield>
  <datafield tag="700" ind1="1" ind2=" ">
    <subfield code="a">Sadiqi, Fatima.</subfield>
    <subfield code="9">32274</subfield>
  </datafield>
  <datafield tag="942" ind1=" " ind2=" ">
    <subfield code="2">ddc</subfield>
    <subfield code="c">BB</subfield>
  </datafield>
  <datafield tag="999" ind1=" " ind2=" ">
    <subfield code="c">17199</subfield>
    <subfield code="d">17171</subfield>
  </datafield>
  <datafield tag="952" ind1=" " ind2=" ">
    <subfield code="0">0</subfield>
    <subfield code="1">0</subfield>
    <subfield code="2">ddc</subfield>
    <subfield code="4">0</subfield>
    <subfield code="7">0</subfield>
    <subfield code="8">M-E-O</subfield>
    <subfield code="a">MAIN</subfield>
    <subfield code="b">MAIN</subfield>
    <subfield code="c">1ST</subfield>
    <subfield code="d">2013-01-31</subfield>
    <subfield code="e">purchase</subfield>
    <subfield code="g">286.00</subfield>
    <subfield code="h">001341</subfield>
    <subfield code="l">13</subfield>
    <subfield code="m">48</subfield>
    <subfield code="o">362.83 GER</subfield>
    <subfield code="p">000027962</subfield>
    <subfield code="r">2025-07-15 00:00:00</subfield>
    <subfield code="s">2019-11-28</subfield>
    <subfield code="y">BB</subfield>
  </datafield>
  <datafield tag="952" ind1=" " ind2=" ">
    <subfield code="0">0</subfield>
    <subfield code="1">0</subfield>
    <subfield code="2">ddc</subfield>
    <subfield code="4">0</subfield>
    <subfield code="7">0</subfield>
    <subfield code="8">MERIC</subfield>
    <subfield code="a">MAIN</subfield>
    <subfield code="b">MAIN</subfield>
    <subfield code="c">1ST</subfield>
    <subfield code="d">2013-02-03</subfield>
    <subfield code="e">purchase</subfield>
    <subfield code="g">286.00</subfield>
    <subfield code="h">000263</subfield>
    <subfield code="l">6</subfield>
    <subfield code="m">44</subfield>
    <subfield code="o">362.83 GER</subfield>
    <subfield code="p">000027978</subfield>
    <subfield code="r">2025-07-15 00:00:00</subfield>
    <subfield code="s">2024-05-22</subfield>
    <subfield code="y">BB</subfield>
  </datafield>
</record>
